[Event "Pula zt 1.2"]
[Site "Pula"]
[Date "2000.04.18"]
[Round "7"]
[White "Milov, Vadim"]
[Black "Beliavsky, Alexander G"]
[Result "1/2-1/2"]
[WhiteElo "2653"]
[BlackElo "2640"]
[PlyCount "23"]
[EventDate "2000.04.11"]
[Source "ChessBase"]
[SourceDate "2000.07.27"]

1. d4 Nf6 2. c4 e6 3. Nc3 Bb4 4. e3 c5 5. Bd3 O-O 6. Nge2 cxd4 7. exd4 d5 8. cxd5 Nxd5 9. a3 Bd6 10. Ne4 b6 11. N2c3 Ba6 12. Bxa6 1/2-1/2

[Event "Torshavn op 3rd"]
[Site "Torshavn"]
[Date "2000.10.10"]
[Round "5"]
[White "Milov, Vadim"]
[Black "Psakhis, Lev"]
[Result "1/2-1/2"]
[WhiteElo "2626"]
[BlackElo "2611"]
[PlyCount "44"]
[EventDate "2000.10.06"]
[Source "ChessBase"]
[SourceDate "2000.11.10"]

1. d4 e6 2. c4 Nf6 3. Nc3 Bb4 4. e3 O-O 5. Bd3 c5 6. d5 exd5 7. cxd5 h6 8. Bc2 d6 9. Nge2 a6 10. a3 Ba5 11. Rb1 b5 12. b4 Bb6 13. O-O Nbd7 14. Ng3 cxb4 15. axb4 Ne5 16. Nf5 Re8 17. Rb3 Qc7 18. Ne2 Bxf5 19. Bxf5 Qc4 20. Nf4 Ne4 21. Rb2 g6 22. Bh3 Bd8 1/2-1/2

[Event "Moscow RUS"]
[Site "Moscow RUS"]
[Date "1988.??.??"]
[Round "?"]
[White "Gurevich, Mikhail N"]
[Black "Sokolov, A."]
[Result "0-1"]
[WhiteElo "2625"]
[BlackElo "2595"]
[PlyCount "114"]
[EventDate "1988.??.??"]
[Source "www.chesslib.no"]
[SourceDate "2004.05.04"]

1. d4 Nf6 2. c4 e6 3. Nc3 Bb4 4. e3 O-O 5. Bd3 c5 6. Nge2 cxd4 7. exd4 d5 8. cxd5 exd5 9. O-O h6 10. Bc2 Nc6 11. Qd3 Re8 12. f3 Bf8 13. a3 g6 14. g4 Bg7 15. Be3 Na5 16. b3 Bd7 17. Bf2 Rc8 18. b4 Nc4 19. Ra2 a6 20. Nf4 Nb6 21. Bb3 Bc6 22. a4 Qd6 23. Nce2 Qxb4 24. Rb1 Nc4 25. h4 Qd6 26. h5 g5 27. Nh3 Re6 28. Ng3 Re3 29. Bxc4 Rxd3 30. Bxd3 Bd7 31. Kg2 Nxg4 32. fxg4 Bxg4 33. Rc2 Rxc2 34. Bxc2 Qd7 35. Ng1 f5 36. Bb3 f4 37. Nf1 Bxh5 38. Re1 Qg4+ 39. Kh2 Bf7 40. Bd1 Qf5 41. Nf3 g4 42. Nh4 g3+ 43. Kg2 Qd3 44. Bg1 Bf6 45. Nf3 Bg6 46. N1d2 Be4 47. Kh3 Bf5+ 48. Kg2 Be4 49. Kh3 b5 50. axb5 axb5 51. Be2 Bf5+ 52. Kg2 Qc2 53. Bxb5 h5 54. Re2 h4 55. Ne4 h3+ 56. Kf1 Qb1+ 57. Re1 Qxb5+ 0-1

[Event "Chania op 9th"]
[Site "Chania"]
[Date "1999.08.09"]
[Round "7"]
[White "Nenashev, Alexander"]
[Black "Papaioannou, Ioannis"]
[Result "1-0"]
[WhiteElo "2584"]
[BlackElo "2561"]
[PlyCount "61"]
[EventDate "1999.08.03"]
[Source "www.chesslib.no"]
[SourceDate "2004.05.04"]

1. d4 Nf6 2. c4 e6 3. Nc3 Bb4 4. e3 c5 5. Bd3 O-O 6. Nf3 cxd4 7. exd4 d5 8. cxd5 Nxd5 9. O-O Nc6 10. Bc2 Nce7 11. Qd3 g6 12. Bb3 Nxc3 13. bxc3 Bd6 14. c4 Nf5 15. Bb2 Nh4 16. c5 Be7 17. Rad1 Nxf3+ 18. Qxf3 Bf6 19. Bc1 Bg7 20. d5 exd5 21. Bxd5 Qc7 22. Rfe1 Be6 23. Bxb7 Rad8 24. c6 Be5 25. g3 Bxa2 26. Bh6 Rxd1 27. Qxd1 Be6 28. Bxf8 Kxf8 29. Qa4 a5 30. Ba6 Bc3 31. Rxe6 1-0

[Event "RUS-Cup6"]
[Site "Krasnodar"]
[Date "1997.03.13"]
[Round "3"]
[White "Shariyazdanov, Andrey"]
[Black "Aleksandrov, Aleksej"]
[Result "0-1"]
[WhiteElo "2525"]
[BlackElo "2615"]
[PlyCount "57"]
[EventDate "1997.03.11"]
[Source "www.chesslib.no"]
[SourceDate "2004.05.04"]

1. d4 Nf6 2. c4 e6 3. Nc3 Bb4 4. e3 O-O 5. Bd3 c5 6. Nge2 cxd4 7. exd4 d5 8. cxd5 Nxd5 9. O-O Re8 10. Be4 Nc6 11. Qd3 Nf6 12. Bg5 h6 13. Bxf6 Qxf6 14. Qb5 a6 15. Qc4 Rb8 16. a3 Bd6 17. Bxc6 bxc6 18. b4 Qg6 19. Ng3 e5 20. Rac1 Bf8 21. dxe5 Rxe5 22. Nce2 a5 23. Nd4 c5 24. Nf3 Re8 25. b5 Be6 26. Qa4 Qd3 27. Qxa5 Qxb5 28. Qc3 Qa4 29. Nd2 0-1

[Event "Groningen op"]
[Site "Groningen"]
[Date "1997.??.??"]
[Round "9"]
[White "Ibragimov, Ildar"]
[Black "Movsesian, Sergei"]
[Result "1/2-1/2"]
[WhiteElo "2585"]
[BlackElo "2555"]
[PlyCount "29"]
[EventDate "1997.12.20"]
[Source "ChessBase"]
[SourceDate "1998.03.09"]

1. d4 e6 2. c4 Bb4+ 3. Nc3 Nf6 4. e3 c5 5. Bd3 O-O 6. Nge2 cxd4 7. exd4 d5 8. Bg5 dxc4 9. Bxc4 Nbd7 10. O-O Nb6 11. Bb3 Be7 12. Qd3 Bd7 13. Nf4 Bc6 14. Bxf6 Bxf6 15. Rad1 1/2-1/2

[Event "US Masters"]
[Site "Chicago"]
[Date "2002.03.01"]
[Round "3"]
[White "Georgiev, Vladimir"]
[Black "Yudasin, Leonid"]
[Result "1/2-1/2"]
[WhiteElo "2560"]
[BlackElo "2569"]
[PlyCount "53"]
[EventDate "2002.02.28"]
[Source "ChessBase"]
[SourceDate "2002.03.14"]

1. d4 Nf6 2. c4 e6 3. Nc3 Bb4 4. e3 O-O 5. Bd3 c5 6. Nge2 cxd4 7. exd4 d5 8. cxd5 Nxd5 9. O-O Be7 10. Nxd5 exd5 11. Nf4 Nc6 12. Be3 g6 13. Rc1 Bf6 14. Rc5 Be6 15. Nxe6 fxe6 16. Qg4 Qd6 17. Rfc1 a6 18. h4 Kh8 19. h5 gxh5 20. Qxh5 Qe7 21. b4 Qf7 22. Qxf7 Rxf7 23. Bxa6 Rxa6 24. b5 Rxa2 25. bxc6 bxc6 26. Rxc6 Re7 27. Rc7 1/2-1/2

[Event "Aceimar op 6th"]
[Site "Mondariz Balneario"]
[Date "1999.08.02"]
[Round "7"]
[White "Georgiev, Vladimir"]
[Black "Giorgadze, Giorgi"]
[Result "1/2-1/2"]
[WhiteElo "2519"]
[BlackElo "2602"]
[PlyCount "28"]
[EventDate "1999.07.27"]
[Source "www.chesslib.no"]
[SourceDate "2004.05.04"]

1. d4 Nf6 2. c4 e6 3. Nc3 Bb4 4. e3 O-O 5. Bd3 c5 6. Nge2 cxd4 7. exd4 d5 8. cxd5 Qxd5 9. O-O Qh5 10. Ne4 Nbd7 11. Qb3 Qa5 12. a3 Be7 13. Qc2 Nxe4 14. Bxe4 Nf6 1/2-1/2

[Event "San Francisco"]
[Site "San Francisco"]
[Date "1987.??.??"]
[Round "?"]
[White "Gurevich, Dmitry"]
[Black "Spraggett, Kevin"]
[Result "0-1"]
[WhiteElo "2545"]
[BlackElo "2570"]
[PlyCount "70"]
[EventDate "1987.09.??"]
[Source "ChessBase"]

1. d4 Nf6 2. c4 e6 3. Nc3 Bb4 4. e3 O-O 5. Bd3 d6 6. Nge2 e5 7. Qc2 c6 8. a3 Ba5 9. b4 Bc7 10. O-O Nbd7 11. d5 cxd5 12. cxd5 Re8 13. Bd2 Nf8 14. Rac1 Bd7 15. Nb5 Bxb5 16. Bxb5 Re7 17. Ng3 Bb6 18. a4 a6 19. Bc4 Rc7 20. a5 Ba7 21. Qd3 g6 22. Bb3 Rac8 23. Rxc7 Rxc7 24. h3 h5 25. Kh2 N8h7 26. f4 exf4 27. exf4 Ng4+ 28. Kh1 Nf2+ 29. Rxf2 Bxf2 30. Ne4 Ba7 31. f5 Qh4 32. Bc3 Rxc3 33. Qxc3 Qxe4 34. fxg6 Qb1+ 35. Kh2 Qg1+ 0-1

[Event "Biel op"]
[Site "Biel"]
[Date "1998.07.27"]
[Round "7"]
[White "Milov, Vadim"]
[Black "Kunte, Abhijit"]
[Result "1-0"]
[WhiteElo "2635"]
[BlackElo "2460"]
[PlyCount "53"]
[EventDate "1998.07.21"]
[Source "ChessBase"]
[SourceDate "1998.09.30"]

1. d4 Nf6 2. c4 e6 3. Nc3 Bb4 4. e3 O-O 5. Bd3 c5 6. Nge2 cxd4 7. exd4 d5 8. cxd5 Nxd5 9. a3 Be7 10. O-O Nc6 11. Bc2 Re8 12. Qd3 g6 13. Rd1 Bf8 14. Bb3 Bg7 15. Ne4 Nce7 16. h4 h5 17. Bg5 Qb6 18. N2g3 Bd7 19. Nc5 Bc6 20. Nge4 f6 21. Bxd5 Nxd5 22. Nxf6+ Nxf6 23. Qxg6 Qd8 24. Rd3 Kf8 25. Rg3 Bd5 26. Bxf6 Bxf6 27. Qh7 1-0

[Event "Ubeda op 6th"]
[Site "Ubeda"]
[Date "2001.01.23"]
[Round "3"]
[White "Gaprindashvili, Valerian"]
[Black "Zhang Zhong"]
[Result "1/2-1/2"]
[WhiteElo "2482"]
[BlackElo "2607"]
[PlyCount "92"]
[EventDate "2001.01.21"]
[Source "ChessBase"]
[SourceDate "2001.03.08"]

1. d4 Nf6 2. c4 e6 3. Nc3 Bb4 4. e3 O-O 5. Bd3 b6 6. Nge2 Bb7 7. a3 Bxc3+ 8. Nxc3 c5 9. d5 b5 10. Nxb5 exd5 11. Nd6 Bc6 12. O-O Qc7 13. cxd5 Bxd5 14. Nf5 Nc6 15. Bd2 Be6 16. Bc3 Ne5 17. f4 Nxd3 18. Nxg7 Kxg7 19. Qxd3 d5 20. Be5 Qe7 21. e4 Rfd8 22. Qg3+ Kf8 23. f5 Bc8 24. exd5 Rxd5 25. Rae1 Rxe5 26. Rxe5 Qd6 27. Rfe1 Qd4+ 28. Qe3 Bb7 29. Rxc5 Qxe3+ 30. Rxe3 Rd8 31. Rc7 Be4 32. Re2 Rd1+ 33. Kf2 Bd3 34. Ree7 Rf1+ 35. Kg3 Ne4+ 36. Kh4 Rxf5 37. Rxa7 Rf4+ 38. g4 Rf6 39. Re5 Nd2 40. Kg3 Rf3+ 41. Kg2 Bf1+ 42. Kg1 Rf4 43. Ra8+ Kg7 44. Rg5+ Kh6 45. Rh5+ Kg7 46. Rg5+ Kh6 1/2-1/2

[Event "EU-ch 3rd"]
[Site "Batumi"]
[Date "2002.06.22"]
[Round "10"]
[White "Milov, Vadim"]
[Black "Gaprindashvili, Valerian"]
[Result "1-0"]
[WhiteElo "2606"]
[BlackElo "2476"]
[PlyCount "95"]
[EventDate "2002.06.12"]
[Source "ChessBase"]
[SourceDate "2002.09.20"]

1. d4 Nf6 2. c4 e6 3. Nc3 Bb4 4. e3 O-O 5. Bd3 c5 6. d5 e5 7. Nge2 d6 8. O-O Ne8 9. e4 g6 10. Bh6 Ng7 11. f4 exf4 12. Bxf4 Nh5 13. Bh6 Nd7 14. Bxf8 Qxf8 15. Nf4 Nxf4 16. Rxf4 Ba5 17. Qf3 Ne5 18. Qg3 Bd8 19. Raf1 Bd7 20. Be2 Qg7 21. Nd1 h5 22. h4 a6 23. b3 b5 24. Nb2 g5 25. hxg5 Bxg5 26. Bxh5 Bxf4 27. Qxf4 Bg4 28. Bxg4 Qxg4 29. Qe3 Rb8 30. Rf5 Kf8 31. b4 bxc4 32. Qh6+ Ke7 33. bxc5 Qg6 34. Qh4+ f6 35. Qf2 c3 36. cxd6+ Kd8 37. Qa7 Nd7 38. Qc7+ Ke8 39. Qxc3 Qg4 40. Rf1 Qe2 41. Nd1 Qb5 42. Qg3 Kf7 43. Ne3 Rg8 44. Qh3 Rg5 45. Qe6+ Kg7 46. Nf5+ Kf8 47. Qe7+ Kg8 48. Nh6+ 1-0

[Event "New York Open"]
[Site "Newark, NJ USA"]
[Date "1995.??.??"]
[Round "?"]
[White "Van der Sterren, Paul"]
[Black "Frias Pablaza, Victor J"]
[Result "1/2-1/2"]
[WhiteElo "2560"]
[BlackElo "2495"]
[PlyCount "66"]
[EventDate "1995.04.12"]
[Source "www.chesslib.no"]
[SourceDate "2004.05.04"]

1. d4 Nf6 2. c4 e6 3. Nc3 Bb4 4. e3 O-O 5. Bd3 d6 6. Nge2 e5 7. O-O c6 8. a3 Ba5 9. b4 Bc7 10. d5 a5 11. Rb1 axb4 12. axb4 cxd5 13. cxd5 Bb6 14. Ng3 Ng4 15. h3 Nh6 16. e4 Qh4 17. Qf3 Bg4 18. Nf5 Nxf5 19. Qxg4 Qxg4 20. hxg4 Nd4 21. Be3 Ra3 22. Rfc1 Nd7 23. Bc4 Raa8 24. g5 Rfc8 25. Bf1 Kf8 26. Nb5 Nxb5 27. Bxb5 Bxe3 28. fxe3 Ke7 29. Kf2 Nb6 30. Kf3 Rxc1 31. Rxc1 Rc8 32. Rh1 Rh8 33. Rc1 Rc8 1/2-1/2

[Event "Schweiz 87/458"]
[Site "?"]
[Date "2003.??.??"]
[Round "?"]
[White "Milov, V."]
[Black "Atlas, V."]
[Result "1-0"]
[WhiteElo "2574"]
[BlackElo "2477"]
[PlyCount "85"]
[EventDate "2003.??.??"]
[Source "Chess Informant"]
[SourceDate "2003.02.01"]

1. d4 Nf6 2. c4 e6 3. Nc3 Bb4 4. e3 O-O 5. Bd3 c5 6. a3 cxd4 7. exd4 Bxc3+ 8. bxc3 b6 9. Bg5 Nc6 10. f4 Ba6 11. Nf3 Na5 12. Ne5 d6 13. O-O Re8 14. Rf3 h6 15. Bh4 Kf8 16. Ng4 Bxc4 17. Nxf6 gxf6 18. f5 Bxd3 19. Qxd3 e5 20. Qd2 Ke7 21. dxe5 Kd7 22. Qxd6+ Kc8 23. Qxd8+ Kxd8 24. Bxf6+ Kc7 25. Rf4 Rac8 26. Rh4 Kb7 27. Rxh6 Nc4 28. Re1 Rc6 29. e6 fxe6 30. Bg7 Rc7 31. Rhxe6 Rxe6 32. fxe6 Rxg7 33. e7 Nd6 34. e8=Q Nxe8 35. Rxe8 Ka6 36. h4 Rg4 37. h5 Kb5 38. Re3 Kc4 39. h6 Rg8 40. h7 Rh8 41. Re7 a5 42. g4 Kxc3 43. g5 1-0

[Event "Ciocaltea mem"]
[Site "Bucharest"]
[Date "1995.??.??"]
[Round "10"]
[White "Dumitrache, Dragos"]
[Black "Istratescu, Andrei"]
[Result "1/2-1/2"]
[WhiteElo "2530"]
[BlackElo "2505"]
[PlyCount "21"]
[EventDate "1995.02.??"]
[Source "ChessBase"]

1. d4 Nf6 2. c4 e6 3. Nc3 Bb4 4. e3 O-O 5. Bd3 c5 6. Nge2 cxd4 7. exd4 d5 8. cxd5 exd5 9. O-O h6 10. h3 Nc6 11. Be3 1/2-1/2

[Event "Shenzhen"]
[Site "Shenzhen"]
[Date "1992.??.??"]
[Round "9"]
[White "Lin Weiguo"]
[Black "Antonio, Rogelio Jr"]
[Result "1-0"]
[WhiteElo "2495"]
[BlackElo "2520"]
[PlyCount "89"]
[EventDate "1992.??.??"]
[Source "ChessBase"]

1. d4 Nf6 2. c4 e6 3. Nc3 Bb4 4. e3 O-O 5. Bd3 Nc6 6. Nge2 d6 7. O-O e5 8. d5 Ne7 9. a3 Bxc3 10. Nxc3 c6 11. e4 cxd5 12. cxd5 Ne8 13. Be3 f5 14. f3 f4 15. Bf2 Rf6 16. Qb3 g5 17. Rfc1 g4 18. fxg4 Rg6 19. h3 Rg7 20. Nb5 b6 21. Be2 Ng6 22. Rc6 h5 23. Rac1 hxg4 24. hxg4 Nh8 25. Nxa7 Bd7 26. Bxb6 Qg5 27. Bf3 Bxg4 28. Nb5 Nf7 29. Bf2 Qh5 30. Kf1 Rb8 31. a4 Ng5 32. Ke2 Nxe4 33. Bxg4 Qxg4+ 34. Qf3 Nxf2 35. Kxf2 Qh4+ 36. Kg1 Rg3 37. Qe4 Qg4 38. R6c3 Rxc3 39. Rxc3 Nf6 40. Qf3 Qh4 41. g3 Qh7 42. gxf4 Kh8 43. Qh3 Rg8+ 44. Kf1 Nh5 45. f5 1-0

[Event "Herzliya"]
[Site "Herzliya"]
[Date "1998.09.12"]
[Round "7"]
[White "Zifroni, Dov"]
[Black "Schlosser, Philipp"]
[Result "1/2-1/2"]
[WhiteElo "2505"]
[BlackElo "2505"]
[PlyCount "92"]
[EventDate "1998.09.??"]
[Source "www.chesslib.no"]
[SourceDate "2004.05.04"]

1. d4 Nf6 2. c4 e6 3. Nc3 Bb4 4. e3 O-O 5. Bd3 c5 6. Nf3 cxd4 7. exd4 d5 8. cxd5 Nxd5 9. Qc2 h6 10. O-O Nc6 11. a3 Be7 12. Rd1 Qd6 13. Be3 Rd8 14. Rac1 Nxc3 15. Qxc3 Bf6 16. Bb1 Qf8 17. h4 g6 18. h5 g5 19. Ne5 Bd7 20. f4 Rac8 21. Qd3 Qg7 22. fxg5 Bxg5 23. Nf3 Bxe3+ 24. Qxe3 Ne7 25. Rxc8 Rxc8 26. Ne5 Be8 27. Rf1 Nd5 28. Qe1 Qg5 29. Be4 Ne3 30. Rf2 Ng4 31. Rd2 Nxe5 32. dxe5 Rc5 33. Bxb7 Rxe5 34. Qf2 Rf5 35. Qd4 e5 36. Qc3 Bb5 37. Rd1 Qxh5 38. Bf3 Qg5 39. b3 Kg7 40. a4 Be8 41. Re1 Qe7 42. Re4 Rg5 43. Rc4 Bd7 44. Rc7 Qd6 45. Qc5 Qxc5+ 46. Rxc5 e4 1/2-1/2

[Event "Elista ol (Men)"]
[Site "Elista"]
[Date "1998.10.09"]
[Round "10"]
[White "Nickoloff, Bryon"]
[Black "Sturua, Zurab"]
[Result "0-1"]
[WhiteElo "2410"]
[BlackElo "2600"]
[PlyCount "60"]
[EventDate "1998.09.29"]
[Source "ChessBase"]
[SourceDate "1998.11.06"]

1. d4 Nf6 2. c4 e6 3. Nc3 Bb4 4. e3 O-O 5. Bd3 c5 6. d5 Bxc3+ 7. bxc3 d6 8. Nf3 h6 9. dxe6 Bxe6 10. Nd2 Nc6 11. e4 Nd7 12. O-O Nde5 13. Be2 Na5 14. Qa4 b6 15. f4 Ng4 16. Nb3 Bd7 17. Qa3 Nc6 18. Qb2 Rc8 19. h3 Nf6 20. e5 dxe5 21. fxe5 Nxe5 22. Bf4 Ng6 23. Bh2 Re8 24. Rad1 Qe7 25. Bd3 Ne5 26. Nc1 Nxd3 27. Nxd3 Qe3+ 28. Kh1 Bc6 29. Nf4 Rcd8 30. Qb3 Ne4 0-1

[Event "NED-ch"]
[Site "Leeuwarden"]
[Date "1980.??.??"]
[Round "1"]
[White "Timman, Jan H"]
[Black "Kuijpers, Franciscus Antonius"]
[Result "1-0"]
[WhiteElo "2600"]
[BlackElo "2410"]
[PlyCount "85"]
[EventDate "1980.??.??"]
[Source "ChessBase"]

1. d4 Nf6 2. c4 e6 3. Nc3 Bb4 4. e3 O-O 5. Bd3 c5 6. d5 b5 7. dxe6 fxe6 8. cxb5 d5 9. Nge2 a6 10. O-O axb5 11. Bxb5 Bb7 12. a3 Ba5 13. Rb1 Bc7 14. Ng3 d4 15. Nce2 h5 16. exd4 Qd5 17. f3 h4 18. Bf4 Bb6 19. Nh1 cxd4 20. Qd3 Nc6 21. Bc4 Qd7 22. Nf2 Nd5 23. Rfe1 Rae8 24. Nh3 Rf5 25. Kh1 Kh8 26. Rbc1 Ref8 27. Bb5 Nde7 28. a4 Qd8 29. Ng5 R8f6 30. Bc4 Nb4 31. Qd2 Nbd5 32. Nh3 Ba5 33. Qxd4 Bxe1 34. Rxe1 Qa5 35. Bd2 Qxa4 36. Qxh4+ Kg8 37. b3 Qe8 38. Ng3 Qg6 39. Bg5 Rxg5 40. Qxg5 Qxg5 41. Nxg5 Bc8 42. N3e4 Rg6 43. Kg1 1-0

[Event "49. TCh-ESP Honor Final"]
[Site "?"]
[Date "2005.09.10"]
[Round "1"]
[White "Del Rio Angelis Salvador G"]
[Black "Campora Daniel H"]
[Result "1/2-1/2"]
[WhiteElo "2470"]
[BlackElo "2538"]
[PlyCount "36"]
[EventDate "2005.??.??"]
[Source "www.chesslib.no"]
[SourceDate "2004.05.04"]

1. d4 Nf6 2. c4 e6 3. Nc3 Bb4 4. e3 O-O 5. Bd3 d6 6. Nge2 e5 7. O-O Re8 8. f3 c6 9. a3 Bxc3 10. Nxc3 Nbd7 11. b4 d5 12. cxd5 exd4 13. exd4 Nb6 14. Bg5 Nbxd5 15. Nxd5 Qxd5 16. Bxf6 gxf6 17. Be4 Qd6 18. Qd2 Kg7 1/2-1/2

[Event "SU"]
[Site "?"]
[Date "1985.??.??"]
[Round "?"]
[White "Ehlvest, Jaan"]
[Black "Rozentalis, Eduardas"]
[Result "0-1"]
[WhiteElo "2505"]
[BlackElo "2490"]
[PlyCount "82"]
[EventDate "1985.??.??"]
[Source "www.chesslib.no"]
[SourceDate "2004.05.04"]

1. d4 Nf6 2. c4 e6 3. Nc3 Bb4 4. e3 O-O 5. Bd3 b6 6. Nge2 c5 7. d5 b5 8. dxe6 fxe6 9. cxb5 d5 10. O-O Nbd7 11. Ng3 Ne5 12. Be2 a6 13. f4 Nf7 14. e4 axb5 15. e5 Nd7 16. Nxb5 Qb6 17. Be3 Ba6 18. a4 Bb7 19. Qc2 d4 20. Bf2 Nh6 21. Nd6 Bd5 22. Bb5 Qa7 23. Ne2 Ng4 24. Bd3 h6 25. Bb5 Nxf2 26. Rxf2 Nxe5 27. Bc4 Ng4 28. Rf3 Bxf3 29. gxf3 Ne3 30. Bxe6+ Kh8 31. Qe4 Rad8 32. Nb5 Qe7 33. a5 Rde8 34. f5 Qg5+ 35. Ng3 Nxf5 36. Bxf5 Rxe4 37. Bxe4 Qe3+ 38. Kg2 Qd2+ 39. Kh3 Qxb2 40. Ra4 Qb3 41. Ra1 Bxa5 0-1

[Event "Beersheba 16th"]
[Site "Beersheba"]
[Date "1997.??.??"]
[Round "4"]
[White "Greenfeld, Alon"]
[Black "Mikhalevski, Alexander"]
[Result "1-0"]
[WhiteElo "2520"]
[BlackElo "2470"]
[PlyCount "137"]
[EventDate "1997.02.24"]
[Source "ChessBase"]

1. d4 Nf6 2. c4 e6 3. Nc3 Bb4 4. e3 O-O 5. Bd3 Nc6 6. Nge2 d5 7. a3 dxc4 8. Bxc4 Bd6 9. f4 Nb8 10. e4 Be7 11. e5 Nfd7 12. O-O c5 13. Be3 Nb6 14. Ba2 Na6 15. dxc5 Nxc5 16. b4 Nca4 17. Nxa4 Qxd1 18. Rfxd1 Nxa4 19. Bb3 Nb6 20. Nc3 Rd8 21. Bc5 Bxc5+ 22. bxc5 Nd7 23. Ba4 Kf8 24. Rd6 Ke7 25. Rad1 h6 26. Ne4 a5 27. Bb5 a4 28. Kf2 Ra5 29. Nc3 f6 30. Ke3 fxe5 31. fxe5 Rxb5 32. Nxb5 Rf8 33. c6 Nxe5 34. cxb7 Bxb7 35. R6d4 Bc6 36. Nc3 Bxg2 37. Rxa4 Rf3+ 38. Kd4 Nc6+ 39. Kc4 g5 40. Rd2 Bf1+ 41. Kb3 Bd3 42. Ra8 e5 43. Rc8 Kd7 44. Rh8 Rh3 45. Ne2 e4 46. Nc1 Ke6 47. Nxd3 exd3 48. a4 Kd5 49. Kc3 Ne5 50. Rd8+ Kc5 51. Rc8+ Kd5 52. a5 Rh4 53. Ra2 Nc6 54. a6 Rc4+ 55. Kd2 Rh4 56. Kc3 Rc4+ 57. Kd2 Rh4 58. Ke1 Re4+ 59. Kf2 Rf4+ 60. Kg3 Nd4 61. Rd8+ Ke6 62. Re8+ Kf7 63. a7 Nf5+ 64. Kh3 Rf3+ 65. Kg2 Nh4+ 66. Kg1 d2 67. Rd8 Rf4 68. a8=Q Nf3+ 69. Kh1 1-0

[Event "Portoroz op"]
[Site "Portoroz"]
[Date "1996.??.??"]
[Round "?"]
[White "Kozul, Zdenko"]
[Black "Dizdar, Selim"]
[Result "1-0"]
[WhiteElo "2580"]
[BlackElo "2400"]
[PlyCount "93"]
[EventDate "1996.03.??"]
[Source "ChessBase"]

1. d4 e6 2. c4 Nf6 3. Nc3 Bb4 4. e3 O-O 5. Bd3 c5 6. Nge2 b6 7. O-O d5 8. cxd5 exd5 9. e4 Bxc3 10. Nxc3 cxd4 11. Nxd5 Nxd5 12. exd5 Qxd5 13. Re1 Bf5 14. Bxf5 Qxf5 15. Qxd4 Nc6 16. Qe4 Qxe4 17. Rxe4 Rfe8 18. Rxe8+ Rxe8 19. Kf1 f5 20. Bd2 Rd8 21. Bf4 Rd7 22. a3 Ne7 23. Be5 Nc6 24. Bc3 Kf7 25. h4 g6 26. Rc1 Ke6 27. Ke2 Ne7 28. g3 Nd5 29. Bd2 Rc7 30. Kd3 Rxc1 31. Bxc1 Nf6 32. Kc4 Ng4 33. Kb5 Nxf2 34. Bf4 Nd3 35. Bb8 a5 36. b3 Kd5 37. Kxb6 Nc5 38. Kxa5 Nxb3+ 39. Kb5 Nc5 40. Kb6 Nb3 41. a4 Ke4 42. Kb5 Kf3 43. Bc7 h6 44. Kc4 Nd2+ 45. Kb4 Ne4 46. a5 Nf6 47. Kc4 1-0

[Event "Helsinki"]
[Site "Helsinki"]
[Date "1983.??.??"]
[Round "11"]
[White "Balashov, Yuri S"]
[Black "Rantanen, Yrjo A"]
[Result "1-0"]
[WhiteElo "2540"]
[BlackElo "2435"]
[PlyCount "99"]
[EventDate "1983.03.??"]
[Source "ChessBase"]

1. d4 Nf6 2. c4 e6 3. Nc3 Bb4 4. e3 O-O 5. Bd3 Nc6 6. a3 Bxc3+ 7. bxc3 e5 8. Ne2 e4 9. Bc2 Na5 10. Ng3 Re8 11. f3 Nxc4 12. fxe4 d5 13. e5 Ng4 14. Qf3 Qh4 15. h3 Ngxe5 16. dxe5 Nxe5 17. Qf2 Qc4 18. Ne2 b6 19. O-O Ba6 20. Ng3 Qc5 21. Rd1 Rad8 22. a4 Qxc3 23. Bb2 Qc5 24. Nf5 f6 25. Ba3 Qc3 26. Rdc1 Qa5 27. Qh4 c5 28. Bb1 Rd7 29. Nd4 Bd3 30. Nb3 Qa6 31. Bxc5 Bxb1 32. Rcxb1 bxc5 33. Nxc5 Qc6 34. Nxd7 Qxd7 35. Rd1 Rd8 36. Rac1 Qf5 37. Qf4 Qg6 38. Kh2 h6 39. Rc7 a6 40. Qg3 Qxg3+ 41. Kxg3 Kf8 42. Rb1 Rd7 43. Rxd7 Nxd7 44. Rd1 Nc5 45. a5 Nb3 46. Rxd5 Ke7 47. e4 Ke6 48. Kf3 g6 49. g4 g5 50. Ke3 1-0

[Event "Villa Gesell tt"]
[Site "Villa Gesell ARG"]
[Date "1985.??.??"]
[Round "6"]
[White "Franco Ocampos, Zenon"]
[Black "Quinteros, Miguel A"]
[Result "1/2-1/2"]
[WhiteElo "2440"]
[BlackElo "2530"]
[PlyCount "22"]
[EventDate "1985.??.??"]
[Source "www.chesslib.no"]
[SourceDate "2004.05.04"]

1. d4 Nf6 2. c4 e6 3. Nc3 Bb4 4. e3 O-O 5. Bd3 b6 6. Nf3 Bb7 7. O-O Bxc3 8. bxc3 Be4 9. Be2 c5 10. Nd2 Bg6 11. f3 d5 1/2-1/2

[Event "New York Open"]
[Site "New York, NY USA"]
[Date "1984.??.??"]
[Round "1"]
[White "Gurevich, Dmitry B"]
[Black "Frias Pablaza, Victor J"]
[Result "1-0"]
[WhiteElo "2545"]
[BlackElo "2425"]
[PlyCount "67"]
[EventDate "1984.04.??"]
[Source "www.chesslib.no"]
[SourceDate "2004.05.04"]

1. d4 Nf6 2. c4 e6 3. Nc3 Bb4 4. e3 O-O 5. Bd3 c5 6. Nge2 Nc6 7. d5 exd5 8. cxd5 Nxd5 9. Bxh7+ Kxh7 10. Qxd5 Kg8 11. O-O d6 12. Ne4 Qh4 13. Nf4 Rd8 14. a3 Ne7 15. Qd3 Ba5 16. b4 Bb6 17. Bb2 cxb4 18. axb4 d5 19. Nc5 Bf5 20. Qd4 Qh7 21. Qd2 Bc7 22. Nxb7 Rdb8 23. Nc5 Rb6 24. g3 Rh6 25. Nxd5 Nxd5 26. Qxd5 Rd8 27. Qf3 Rxh2 28. Rfd1 Rf8 29. Rxa7 Bb6 30. Re7 Qh3 31. Rd5 Bg4 32. Rg5 Bxf3 33. Rxg7+ Kh8 34. Rgxf7+ 1-0

[Event "Andorra op"]
[Site "Andorra"]
[Date "1997.??.??"]
[Round "9"]
[White "Estremera Panos, Sergio"]
[Black "Djuric, Stefan"]
[Result "1/2-1/2"]
[WhiteElo "2430"]
[BlackElo "2535"]
[PlyCount "89"]
[EventDate "1997.07.??"]
[Source "ChessBase"]
[SourceDate "1997.07.29"]

1. d4 Nf6 2. c4 e6 3. Nc3 Bb4 4. e3 O-O 5. Bd3 Nc6 6. Nf3 d6 7. O-O Bxc3 8. bxc3 e5 9. e4 Re8 10. Re1 Bg4 11. d5 Na5 12. h3 Bd7 13. Bg5 h6 14. Bh4 b6 15. g4 Nb7 16. Re3 Nc5 17. g5 hxg5 18. Nxg5 Nxd3 19. Rxd3 Nxe4 20. Qh5 Nxg5 21. Bxg5 Qc8 22. Bf6 Bf5 23. Rg3 Bg6 24. Kh2 Re6 25. dxe6 Qxe6 26. Qf3 e4 27. Qf4 Qxf6 28. Qxf6 gxf6 29. Re3 Kg7 30. Kg3 Rh8 31. h4 Rh5 32. Rd1 Ra5 33. Rd2 Ra4 34. h5 Bh7 35. c5 bxc5 36. Rb2 a5 37. Rb7 Rxa2 38. Rxc7 f5 39. Rc6 f4+ 40. Kxf4 Rxf2+ 41. Kg5 Rf5+ 42. Kh4 Rf6 43. Ra6 Kh6 44. Rxa5 Rf4+ 45. Kg3 1/2-1/2

[Event "Bled op 23rd"]
[Site "Bled"]
[Date "2002.07.02"]
[Round "1"]
[White "Neverov, Valeriy"]
[Black "Orel, Oskar"]
[Result "1-0"]
[WhiteElo "2587"]
[BlackElo "2346"]
[PlyCount "85"]
[EventDate "2002.07.02"]
[Source "ChessBase"]
[SourceDate "2002.09.11"]

1. d4 Nf6 2. c4 e6 3. Nc3 Bb4 4. e3 O-O 5. Bd3 d6 6. Nge2 c5 7. a3 Ba5 8. O-O Nc6 9. Qc2 h6 10. h3 Qe7 11. b3 Bd7 12. Bb2 Rac8 13. Rad1 Bc7 14. Rfe1 a6 15. Qd2 Ba5 16. Bb1 Rfd8 17. Qc2 b5 18. d5 Ne5 19. f4 Ng6 20. dxe6 Qxe6 21. Ng3 Bc6 22. f5 Qe5 23. Kh2 Nh5 24. Nce2 Qxe3 25. fxg6 f6 26. Nxh5 Bxe1 27. Rxe1 d5 28. Qf5 d4 29. Bc1 Qe7 30. Bd3 Re8 31. Bd2 Be4 32. Bxe4 Qxe4 33. Qxe4 Rxe4 34. Nhg3 Re5 35. Nf4 Rc6 36. Nd3 Rxe1 37. Bxe1 Re6 38. Nf5 Re2 39. Bg3 Ra2 40. Nxc5 bxc4 41. bxc4 Rxa3 42. Ne6 Rc3 43. Ne7+ 1-0